The answer ends with a C - Statistics

General Stats
  • This quiz has been taken 35 times
  • The average score is 9 of 15
Answer Stats
Hint Answer % Correct
Hospital department dealing with the heart Cardiac
97%
Pungent fo9od additive said to keep away vampires Garlic
86%
Famous video game hedgehog Sonic
86%
Canadian Province Quebec
83%
The Maid of Orleans Joan Of Arc
72%
Historic artefact Relic
72%
Serbian tennis champion Novak Djokovic
69%
Picture made up of many smaller pieces Mosaic
66%
President of France from 1995 - 2007 Jacques Chirac
59%
First name of 70's glam star Bolan Marc
55%
One of the stars of Friends who got his own spin off show Matt LeBlanc
48%
Entertainer Morecambe, Antiques expert Knowles, Famous darts player Bristow Eric
34%
Irish word for a good time Craic
31%
Vegetable also called Celery Root Celeriac
24%
Acid which is a form of Vitamin B9 Folic
21%
No matching quizzes found
Score Distribution
Percent of People with Each Score
Percentile by Number Answered
Your Score History
You have not taken this quiz